<?xml version="1.0" encoding="UTF-8"?><?xml-stylesheet type="text/xsl" href="static/style.xsl"?><OAI-PMH xmlns="http://www.openarchives.org/OAI/2.0/" xmlns:xsi="http://www.w3.org/2001/XMLSchema-instance" xsi:schemaLocation="http://www.openarchives.org/OAI/2.0/ http://www.openarchives.org/OAI/2.0/OAI-PMH.xsd"><responseDate>2026-04-13T05:50:43Z</responseDate><request verb="GetRecord" identifier="oai:www.recercat.cat:10459.1/48130" metadataPrefix="marc">https://recercat.cat/oai/request</request><GetRecord><record><header><identifier>oai:recercat.cat:10459.1/48130</identifier><datestamp>2024-12-05T21:39:33Z</datestamp><setSpec>com_2072_3622</setSpec><setSpec>col_2072_479130</setSpec></header><metadata><record xmlns="http://www.loc.gov/MARC21/slim" xmlns:dcterms="http://purl.org/dc/terms/" xmlns:xsi="http://www.w3.org/2001/XMLSchema-instance" xmlns:doc="http://www.lyncode.com/xoai" xsi:schemaLocation="http://www.loc.gov/MARC21/slim http://www.loc.gov/standards/marcxml/schema/MARC21slim.xsd">
   <leader>00925njm 22002777a 4500</leader>
   <datafield ind2=" " ind1=" " tag="042">
      <subfield code="a">dc</subfield>
   </datafield>
   <datafield ind2=" " ind1=" " tag="720">
      <subfield code="a">Selfa Sastre, Moisés</subfield>
      <subfield code="e">author</subfield>
   </datafield>
   <datafield ind2=" " ind1=" " tag="260">
      <subfield code="c">2015-04-10T10:44:41Z</subfield>
   </datafield>
   <datafield ind2=" " ind1=" " tag="260">
      <subfield code="c">2015-04-10T10:44:41Z</subfield>
   </datafield>
   <datafield ind2=" " ind1=" " tag="260">
      <subfield code="c">2014</subfield>
   </datafield>
   <datafield ind2=" " ind1=" " tag="520">
      <subfield code="a">Amosamos nesti artículu cómo foi forxándose un modelu de conxunción na escuela catalana qu’apuesta pola escolarización d’aniciu en llingua catalana y l’inxerimientu del castellán, pasu ente pasu, nesti periodu d’escolarización. L’aplicación d’esti modelu llingüísticu en Catalunya de magar 1983 ufre perbonos resultados na conocencia y nel usu del catalán y el castellán nel escolináu d’ente 3 y 29 años (Strubell, Andreu y Sintes 2012). Too ello llévanos a afirmar que la escuela asturiana tien razones p’apostar por un modelu llingüísticu d’escolarización como’l catalán col envís de que tolos estudiantes d’Asturies conozan y usen la llingua dende edaes tempranes.</subfield>
   </datafield>
   <datafield ind2=" " ind1=" " tag="520">
      <subfield code="a">In this paper we show how a model of conjunction in the Catalan system,&#xd;
based on initial schooling in Catalan and the progressive introduction of Spanish, has&#xd;
been successfully implemented. The application of this linguistic model in Catalonia&#xd;
since 1983 has brought about optimal results in the knowledge and use of Catalan and&#xd;
Spanish among students aged 3 to 29 (Strubell, Andreu y Sintes 2012). This leads us&#xd;
to claim that there are enough reasons to opt for a linguistic model of schooling like&#xd;
the Catalan one in Asturias, so that the llingua can be learnt and used by all students&#xd;
from early age in Asturias.</subfield>
   </datafield>
   <datafield ind1="8" ind2=" " tag="024">
      <subfield code="a">http://hdl.handle.net/10459.1/48130</subfield>
   </datafield>
   <datafield tag="653" ind2=" " ind1=" ">
      <subfield code="a">Escuela catalana</subfield>
   </datafield>
   <datafield tag="653" ind2=" " ind1=" ">
      <subfield code="a">Modelu de conxunción</subfield>
   </datafield>
   <datafield tag="653" ind2=" " ind1=" ">
      <subfield code="a">Llingua catalana</subfield>
   </datafield>
   <datafield tag="653" ind2=" " ind1=" ">
      <subfield code="a">Castellán</subfield>
   </datafield>
   <datafield tag="653" ind2=" " ind1=" ">
      <subfield code="a">Escuela asturiana</subfield>
   </datafield>
   <datafield tag="653" ind2=" " ind1=" ">
      <subfield code="a">Escola catalana</subfield>
   </datafield>
   <datafield tag="653" ind2=" " ind1=" ">
      <subfield code="a">Escoles -- Astúries</subfield>
   </datafield>
   <datafield tag="653" ind2=" " ind1=" ">
      <subfield code="a">Català</subfield>
   </datafield>
   <datafield tag="653" ind2=" " ind1=" ">
      <subfield code="a">Castellà</subfield>
   </datafield>
   <datafield ind2="0" ind1="0" tag="245">
      <subfield code="a">Lengua y escuela: hacia un modelo de conjunción en la escuela asturiana</subfield>
   </datafield>
   <datafield ind2="0" ind1="0" tag="245">
      <subfield code="a">Language and school: towards a model of conjunction in the Asturian schooling</subfield>
   </datafield>
</record></metadata></record></GetRecord></OAI-PMH>